<?xml version="1.0" encoding="UTF-8"?><?xml-stylesheet type="text/xsl" href="static/style.xsl"?><OAI-PMH xmlns="http://www.openarchives.org/OAI/2.0/" xmlns:xsi="http://www.w3.org/2001/XMLSchema-instance" xsi:schemaLocation="http://www.openarchives.org/OAI/2.0/ http://www.openarchives.org/OAI/2.0/OAI-PMH.xsd"><responseDate>2026-04-28T16:38:05Z</responseDate><request verb="GetRecord" identifier="oai:riubu.ubu.es:10259/5396" metadataPrefix="marc">https://riubu.ubu.es/oai/request</request><GetRecord><record><header><identifier>oai:riubu.ubu.es:10259/5396</identifier><datestamp>2022-09-29T22:42:07Z</datestamp><setSpec>com_10259_4313</setSpec><setSpec>com_10259_5086</setSpec><setSpec>com_10259_2604</setSpec><setSpec>col_10259_4314</setSpec></header><metadata><record xmlns="http://www.loc.gov/MARC21/slim" xmlns:doc="http://www.lyncode.com/xoai" xmlns:xsi="http://www.w3.org/2001/XMLSchema-instance" xmlns:dcterms="http://purl.org/dc/terms/" xsi:schemaLocation="http://www.loc.gov/MARC21/slim http://www.loc.gov/standards/marcxml/schema/MARC21slim.xsd">
<leader>00925njm 22002777a 4500</leader>
<datafield tag="042" ind1=" " ind2=" ">
<subfield code="a">dc</subfield>
</datafield>
<datafield tag="720" ind1=" " ind2=" ">
<subfield code="a">Guembe García, Marta</subfield>
<subfield code="e">author</subfield>
</datafield>
<datafield tag="720" ind1=" " ind2=" ">
<subfield code="a">Vallejos Calzada, Saúl</subfield>
<subfield code="e">author</subfield>
</datafield>
<datafield tag="720" ind1=" " ind2=" ">
<subfield code="a">Carreira Barral, Israel</subfield>
<subfield code="e">author</subfield>
</datafield>
<datafield tag="720" ind1=" " ind2=" ">
<subfield code="a">Ibeas Cortes, Saturnino</subfield>
<subfield code="e">author</subfield>
</datafield>
<datafield tag="720" ind1=" " ind2=" ">
<subfield code="a">García García, Félix Clemente</subfield>
<subfield code="e">author</subfield>
</datafield>
<datafield tag="720" ind1=" " ind2=" ">
<subfield code="a">Santaolalla García, Victoria</subfield>
<subfield code="e">author</subfield>
</datafield>
<datafield tag="720" ind1=" " ind2=" ">
<subfield code="a">Moradillo Renuncio, Natalia</subfield>
<subfield code="e">author</subfield>
</datafield>
<datafield tag="720" ind1=" " ind2=" ">
<subfield code="a">García Pérez, José Miguel</subfield>
<subfield code="e">author</subfield>
</datafield>
<datafield tag="260" ind1=" " ind2=" ">
<subfield code="c">2020-09</subfield>
</datafield>
<datafield tag="520" ind1=" " ind2=" ">
<subfield code="a">We have developed a new sensory material for the rapid and inexpensive determination of Zn(II), and we have carried out a proof of concept for the determination of Zn(II) in biological samples. The interaction with Zn(II) generates an OFF-ON fluorescence process on the material, which can be recorded both with a fluorimeter and with a smartphone by analyzing the RGB components of the taken photographs. This sensory material is prepared with 99.75% of commercially available monomers and contains 0.25% of a sensory monomer based on a quinoline structure. The sensory motifs are chemically anchored to the polymeric structure, and, accordingly, no migration of organic substances from the material occurs during the sensing process. Our method has been tested with freshly prepared Zn(II) aqueous solutions, but also with biological samples from exudates of chronic wounds. The proposed methodology provides limits of detection (LOD) of 13 and 27 ppb when employing a water-soluble polymer (WsP) and a hydrophilic polymeric film (HP), respectively, using emission spectroscopy. The measurements have been contrasted with ICP-MS as the reference method, obtaining reliable data. This study is the starting point toward a larger investigation with patients, which will address the challenge of establishing a direct relationship between the concentration of zinc(II), other cations and also of amino acids, with the protease activity and, finally, with the state/evolution of chronic wounds. In this context, the proposed sensory material and others we are now working with will act as a simple and cheap method for this purpose.</subfield>
</datafield>
<datafield tag="024" ind2=" " ind1="8">
<subfield code="a">1381-5148</subfield>
</datafield>
<datafield tag="024" ind2=" " ind1="8">
<subfield code="a">http://hdl.handle.net/10259/5396</subfield>
</datafield>
<datafield tag="024" ind2=" " ind1="8">
<subfield code="a">10.1016/j.reactfunctpolym.2020.104685</subfield>
</datafield>
<datafield ind1=" " ind2=" " tag="653">
<subfield code="a">Smart materials</subfield>
</datafield>
<datafield ind1=" " ind2=" " tag="653">
<subfield code="a">Sensory polymers</subfield>
</datafield>
<datafield ind1=" " ind2=" " tag="653">
<subfield code="a">Zinc(II) detection</subfield>
</datafield>
<datafield ind1=" " ind2=" " tag="653">
<subfield code="a">Biological samples</subfield>
</datafield>
<datafield ind1=" " ind2=" " tag="653">
<subfield code="a">Chronic wounds</subfield>
</datafield>
<datafield tag="245" ind1="0" ind2="0">
<subfield code="a">Zn(II) detection in biological samples with a smart sensory polymer</subfield>
</datafield>
</record></metadata></record></GetRecord></OAI-PMH>